000 00728nam a2200217 a 4500
001 000022840
005 20200930021829.0
008 101119s1986 sp r 001 0 spa d
040 _aDO-SdBNP
_bspa
_cBNPHU
082 _axxxxx
_bO645c
100 1 _aOrcastegui Gros, Carmen
_946941
245 1 0 _aCrónica de San Juan de la Peña /
_cCarmen Orcastegui Gros.
260 _aZaragoza, España :
_bInstito Fernando el Católico,
_c1986.
300 _a153 p. ;
_c24 cm.
490 1 _aMonográfica ;
_v54
500 _aIncluye índice de personas.
500 _aIncluye ínidice de lugares.
504 _aIncluye referencias bibliográficas y notas al pie de las páginas.
830 0 _aMonográfica ;
_n54
_946942
049 _aBNGR
999 _c22337
_d22337